000 00361nam a2200169Ia 4500
100 _aPrakash Dharam
650 _aPhilosophy
942 _cBK
366 _f25
654 _aExcellence
245 _a17 steps to Excellence
260 _bBetter Yourself Books
_aBandra
_c1993
082 _a170/PRA
_bPRA
300 _a181
546 _aENGLISH
999 _c24874
_d24874